Gaming Quiz

Random Gaming Quiz

NES Games Quiz Stats

 Plays Quiz not verified by Sporcle

Challenge
Share
Tweet
Embed
Score 0/19 Timer 10:00
0 Plays Today
Hint Answer % Correct
Super Mario Bros
90.3%
The Legend of Zelda
71%
Super Mario Bros 2
67.7%
Super Mario Bros 3
64.5%
Metroid
48.4%
Punch Out
48.4%
Mario Bros
38.7%
Donkey Kong
35.5%
Ice Climber
29%
Kirby's Adventure
29%
Hint Answer % Correct
Kid Icarus
29%
Clu Clu Land
22.6%
Super Mario Bros The Lost Levels
12.9%
Wrecking Crew
9.7%
Soccer
9.7%
Fire Emblem
6.5%
NES ROB
6.5%
Kirby's Dream Land
6.5%
Famicom Wars
3.2%

You're not logged in!

Compare scores with friends on all Sporcle quizzes.
Join for Free
OR
Log In

You Might Also Like...

Show Comments

Extras

Created Jul 3, 2014ReportFavoriteNominate
Tags:nes, NES Games

Top Quizzes Today


Score Distribution

Your Account Isn't Verified!

In order to create a playlist on Sporcle, you need to verify the email address you used during registration. Go to your Sporcle Settings to finish the process.

Report this User

Report this user for behavior that violates our Community Guidelines.

Details: